000 00679nam a22002297a 4500
003 UA-OsUOA
001 77141
007 ta
008 20110901b un ||||| |||| 00| 0 ukr d
100 _aВоробієнко П.
700 _aГранатуров В.
090 _a330(477)
_bВ75
942 _cSA
040 _aUA-OsUOA
_bukr
_cUA-OsUOA
_dUA-OsUOA
245 _aПроблеми використання закономірностей впливу ІКТ на економічний розвиток країни
300 _aС.26-33
955 _a0
041 _aukr
080 _a330(477)
773 0 _w77140
650 7 _a330 Економіка взагалі
_2UDC
999 _c363446
_d363446